Shivcharitra-Saahitya (Record no. 346830)

MARC details
000 -LEADER
fixed length control field 004700000a22001810004500
005 - DATE AND TIME OF LATEST TRANSACTION
control field 20120302054852.0
040 ## - CATALOGING SOURCE
Original cataloging agency MAR
100 ## - MAIN ENTRY--PERSONAL NAME
Personal name Purandare,Krishanaaji Vaasudev
100 ## - MAIN ENTRY--PERSONAL NAME
Personal name Aapate,Balwant Dattaatraya
245 ## - TITLE STATEMENT
Title Shivcharitra-Saahitya
260 ## - PUBLICATION, DISTRIBUTION, ETC. (IMPRINT)
Place of publication, distribution, etc Pune:Datto Waaman Potdaar,1938
300 ## - PHYSICAL DESCRIPTION
Extent 134p.
365 ## - TRADE PRICE
Price amount 1.50/-
490 ## - SERIES STATEMENT
Series statement Bharat Itihaas Sanshodhak Mandal Granthmaalaa-50
650 ## - SUBJECT ADDED ENTRY--TOPICAL TERM
Topical term or geographic name as entry element Charitra
650 ## - SUBJECT ADDED ENTRY--TOPICAL TERM
Topical term or geographic name as entry element Shiv-Charitra
942 ## - ADDED ENTRY ELEMENTS (KOHA)
Koha item type Book
Holdings
Withdrawn status Lost status Damaged status Not for loan Home library Current library Date acquired Total Checkouts Barcode Date last seen Price effective from
        Institute For Oriental Study, Thane Institute For Oriental Study, Thane 12/02/2009   IOS-3626 12/02/2009 12/02/2009